Indovina la squadra di calcio dal logo Ultras #1 - Statistics

Statistiche generali
  • Questo quiz è stato fatto 364 volte
    285 dall'ultimo reset
  • Il punteggio medio è 9 su 15
Statistiche sulle risposte
Hint Risposta % Corretto
90%
86%
85%
81%
80%
76%
71%
67%
59%
53%
50%
43%
43%
35%
27%
Nessun quiz corrispondente trovato
Distribuzione punteggi
Percentuale di utenti per punteggio
Percentile per numero di risposta
I tuoi punteggi nel tempo
Non hai fatto questo quiz dall'ultimo reset